000 00823nam a22003257a 4500
001 BR0301420
003 BR-BrBNA
005 20230928101252.0
007 ta
008 230509b bl.||||| |||| 00| 0 por d
040 _aBR-BrBNA
_bpor
_cBiblioteca Nacional de Agricultura
041 _a(Por)
072 _aE16; E70
_b2760
090 _ 2760 BR0301420
100 1 _aBeling, R.R.(ed.)
245 1 _aAnuário brasileiro do fumo 2002
260 3 _aSanta Cruz do Sul, RS (Brasil):
_c2002.
300 _a152 p.
500 _a112 illus.
650 _aFUMO
650 _aSAFRA
650 _aMERCADO MUNDIAL
650 _aEXPORTAÇÃO
650 _aREFLORESTAMENTO
650 _aCURSO
650 _aINDÚSTRIA
650 _aESTATÍSTICA DE PRODUÇÃO
909 _a202309
_bLucia
_c55
_dLucia Elande
942 _cBK
999 _c65011
_d65011